English Premier league player's Nationalities - Statistics

General Stats
  • This quiz has been taken 792 times
    785 since last reset
  • The average score is 20 of 25
Answer Stats
Hint Answer % Correct
Robin Van Persie Netherlands
99%
Olivier Giroud France
97%
David De Gea Spain
97%
Phillipe Coutinho Brazil
96%
Yaya Toure Ivory Coast
92%
Luis Suarez Uruguay
92%
Simon Mignolet Belgium
91%
Petr Cech Czech Republic
91%
Wojciech Szczesny Poland
90%
Nani Portugal
90%
Pablo Zabaleta Argentina
89%
Rickie Lambert England
89%
Lukas Podolski Germany
89%
Shinji Kagawa Japan
89%
Steven Fletcher Scotland
87%
Tim Howard USA
87%
Ashley Williams Wales
82%
Branislav Ivanovic Serbia
80%
Antonio Valencia Ecuador
78%
Jonny Evans Northern Ireland
77%
Adel Taarabt Morocco
70%
Papis Demba Cisse Senegal
67%
Steven Pienaar South Africa
60%
Ali Al Habsi Oman
32%
Stephane Sessegnon Benin
23%
No matching quizzes found
Score Distribution
Percent of People with Each Score
Percentile by Number Answered
Your Score History
You have not taken this quiz since the last reset